Introducción a la hidráulica fluvial
Gardado en:
| Autor Principal: | |
|---|---|
| Formato: | Libro |
| Idioma: | Lingua castelá |
| Publicado: |
Barcelona
Omega
1964
|
| Series: | Geología, Mineralogía y Minería
|
| Subjects: | |
| Tags: |
Engadir etiqueta
Sen Etiquetas, Sexa o primeiro en etiquetar este rexistro!
|
MARC
| LEADER | 00000nam a2200000 a 4500 | ||
|---|---|---|---|
| 001 | UCU3225 | ||
| 003 | CL-VaPUC | ||
| 008 | 960502e19640000SP |||||||||||||||||spa|d | ||
| 082 | 0 | 4 | |a 621.204 |b LEL |2 21 |
| 100 | 0 | |a Leliavsky, Serge |e author |9 360033 | |
| 245 | 1 | 0 | |a Introducción a la hidráulica fluvial |
| 300 | |a 264 p | ||
| 942 | |c BK | ||
| 945 | |d 19960502 00:00:00 |a lriquelm | ||
| 260 | |a Barcelona |b Omega |c 1964 | ||
| 650 | 0 | |a Hidráulica |9 260193 | |
| 650 | 7 | |a CORRIENTE DE FLUIDOS |2 CL-VaPUC |9 360034 | |
| 650 | 0 | |a Mecánica de fluidos |9 259464 | |
| 650 | 7 | |a FLUIDOS HIDRAULICOS |2 CL-VaPUC |9 351466 | |
| 583 | |a last modification |c 19960502 00:00:00 |k Rodrigo Vera | ||
| 490 | 0 | |a Geología, Mineralogía y Minería | |
| 999 | |c 247308 |d 247306 | ||
| 952 | |0 0 |1 0 |4 0 |6 621_204000000000000_LEL_1964 |7 0 |8 A |9 263141 |a BIBING |b BIBING |d 2019-11-19 |i 1652974 |o 621.204 LEL 1964 |p 1652974 |r 2025-01-20 |w 2019-11-19 |y BK |k CCL | ||